| 000 | 02281nam a22003497a 4500 | ||
|---|---|---|---|
| 001 | 102664 | ||
| 003 | KnowledgeUnlatched | ||
| 005 | 20210303105232.0 | ||
| 006 | m o d | ||
| 007 | cr u|||||||||| | ||
| 008 | 210129p20172019xxk o u00| u eng d | ||
| 037 | _5BiblioBoard | ||
| 245 | 0 | 0 |
_aRampage Shootings and Gun Control _bPoliticization and Policy Change in Western Europe / _cSteffen Hurka. |
| 020 | _a9781315209425 | ||
| 029 | 1 | _ahttps://library.biblioboard.com/ext/api/media/09db9d7e-244b-4d15-94af-cfd65d2f39e7/assets/thumbnail.jpg | |
| 040 |
_aScCtBLL _cScCtBLL |
||
| 100 | 1 |
_aHurka, Steffen _eauthor. |
|
| 264 | 1 | _bRoutledge, | |
| 300 | _a1 online resource (202 p.) | ||
| 506 | 0 |
_aAccess copy available to the general public. _fUnrestricted _2star |
|
| 520 | _aWhile the causes of rampage violence have been analysed thoroughly in diverse academic disciplines, we hardly know anything about the factors that affect their consequences for public policy. This book addresses rampage shootings in Western Europe and their conditional impact on politicization and policy change in the area of gun control. The author sets out to unravel the factors that facilitate or impede the access of gun control to the political agenda in the wake of rampage shootings and analyses why some political debates lead to profound shifts of the policy status quo, while others peter out without any legislative reactions. In so doing, the book not only contributes to the theoretical literature on crisis-induced policy making, but also provides a wealth of case-study evidence on rampage shootings as empirical phenomena. | ||
| 588 | 0 | _aDescription based on print version record. | |
| 590 | _aKU Select 2018: HSS Backlist Books | ||
| 650 | 7 |
_aPolitical Science / Public Policy _2bisacsh |
|
| 650 | 0 | _aPolitical science | |
| 655 | 0 | _aElectronic books. | |
| 758 |
_iIs found in: _aKnowledge Unlatched _1https://openresearchlibrary.org/module/2774bc74-146a-484f-a7ba-ab1d6a09bbfb |
||
| 856 | 4 | 0 |
_uhttps://openresearchlibrary.org/content/09db9d7e-244b-4d15-94af-cfd65d2f39e7 _zView this content on Open Research Library. _70 |
| 999 |
_c33952 _d33952 |
||